Quizzes
Events
Quiz Creation
Community
Videos
Private Events
Remove Ads
Sign In
Join for FREE
Feedback
Dark Mode
Quiz Categories
Sports
Geography
Music
Movies
Television
Just For Fun
Miscellaneous
History
Literature
Language
Science
Gaming
Entertainment
Religion
Holiday
For Kids
Quiz Lab
Recent
Popular Today
Quiz Kudos Today
Editor Picks
Curator Picks
Quizzes by...
Day
Popularity
Type
Ratings
Length
Year
Community
Subscriptions
Recent Discussions
Orange Saloon
Badges
Playlists
Quests
Create
Leaderboards
Showdown
Live 5
Trivia Bingo
Activity
Puzzle Library
Sporcle Events
Private Events
Virtual Trivia
Globe League
Become a Host
Pub Owners
SporcleCon
Opinionation
Our Games
Videos
Blog
Mobile Apps
Partnerships
Remove Ads and Go Orange
Feedback
Music
Pop Music
The Beatles
Song
Album
Lyrics
Bands
Singers
Artist
Clip
Rock
Rap
Classical
Billboard
Country Music
Kpop
Taylor Swift
Music
Pop Music
The Beatles
Song
Album
Lyrics
Bands
Singers
Artist
Clip
Rock
Rap
Classical
Billboard
Country Music
Kpop
Taylor Swift
Random Quiz
Search Sporcle
×
Quiz Lab
Quiz Lab
Music
light
Type in answers that appear in a list
Type in answers that appear in a list
Classic
Best Score? Go Orange.
Shawn Mendes - 'Lights On' Lyrics Stats
Can you name the Shawn Mendes - 'Lights On' Lyrics?
By
tayhepp16
10m
298 Questions
1,846 Plays
1,846 Plays
1,846 Plays
Comments
Comments
Give Quiz Kudos
Give Quiz Kudos
-
- Ratings
hide this ad
Replay
Link that replays current quiz
Next Quiz
Link to next quiz in quiz playlist
You Got
0%
They Got
Avg Score
91%
Avg Friend Score
Upgrade to see
Score Distribution
Jump to the score distribution portion of the page
Score
0/298
Timer
10:00
0
Plays Today
% Correct
you
99.3%
you
99.3%
you
99.3%
you
99.3%
you
99.3%
you
99.3%
you
99.3%
you
99.3%
you
99.3%
you
99.3%
you
99.3%
you
99.3%
you
99.3%
you
99.3%
you
99.3%
you
99.3%
you
99.3%
you
99.3%
you
99.3%
you
99.3%
you
99.3%
you
99.3%
you
99.3%
you
99.3%
you
99.3%
you
99.3%
you
99.3%
you
99.3%
on
98.9%
on
98.9%
on
98.9%
on
98.9%
on
98.9%
on
98.9%
on
98.9%
on
98.9%
with
98.5%
and
98.5%
and
98.5%
a
98.5%
the
98.5%
with
98.5%
the
98.5%
the
98.5%
with
98.5%
the
98.5%
the
98.5%
the
98.5%
with
98.5%
the
98.5%
the
98.5%
and
98.5%
and
98.5%
with
98.5%
the
98.5%
the
98.5%
with
98.5%
the
98.5%
and
98.5%
the
98.5%
the
98.5%
with
98.5%
the
98.5%
the
98.5%
with
98.5%
the
98.5%
the
98.5%
the
98.5%
lights
97%
lights
97%
lights
97%
lights
97%
lights
97%
lights
97%
lights
97%
of
96.5%
of
96.5%
of
96.5%
of
96.5%
of
96.5%
of
96.5%
love
96.4%
love
96.4%
love
96.4%
love
96.4%
love
96.4%
love
96.4%
love
96.4%
wanna
95.4%
wanna
95.4%
wanna
95.4%
wanna
95.4%
wanna
95.4%
wanna
95.4%
wanna
95.4%
wanna
95.4%
wanna
95.4%
wanna
95.4%
wanna
95.4%
wanna
95.4%
% Correct
wanna
95.4%
wanna
95.4%
in
95.1%
in
95.1%
in
95.1%
in
95.1%
in
95.1%
in
95.1%
in
95.1%
your
95%
your
95%
your
95%
your
95%
your
95%
so
94.8%
so
94.8%
so
94.8%
so
94.8%
so
94.8%
to
94.6%
to
94.6%
to
94.6%
to
94.6%
night
94.4%
night
94.4%
night
94.4%
see
94.1%
see
94.1%
see
94.1%
see
94.1%
see
94.1%
see
94.1%
see
94.1%
every
94%
every
94%
every
94%
every
94%
every
94%
every
94%
move
93.5%
move
93.5%
move
93.5%
move
93.5%
move
93.5%
move
93.5%
I'm
93.4%
I'm
93.4%
inch
93.3%
inch
93.3%
inch
93.3%
inch
93.3%
inch
93.3%
inch
93.3%
look
93.3%
get
93.3%
get
93.3%
get
93.3%
get
93.3%
get
93.3%
get
93.3%
get
93.3%
way
93.2%
way
93.2%
way
93.2%
way
93.2%
way
93.2%
way
93.2%
clothes
93%
lost
92.6%
lost
92.6%
lost
92.6%
lost
92.6%
lost
92.6%
lost
92.6%
all
92.5%
all
92.5%
all
92.5%
good
92.4%
be
92.4%
up
92.2%
up
92.2%
up
92.2%
up
92.2%
keep
92.1%
keep
92.1%
keep
92.1%
long
91.6%
darling
91.6%
darling
91.6%
long
91.6%
darling
91.6%
darling
91.6%
long
91.6%
darling
91.6%
darling
91.6%
it
91.4%
it
91.4%
but
91.1%
but
91.1%
know
90.6%
% Correct
can't
90.6%
can't
90.6%
know
90.6%
I
90.5%
I
90.5%
I
90.5%
I
90.5%
I
90.5%
I
90.5%
I
90.5%
I
90.5%
I
90.5%
I
90.5%
I
90.5%
I
90.5%
I
90.5%
I
90.5%
I
90.5%
I
90.5%
I
90.5%
I
90.5%
I
90.5%
I
90.5%
I
90.5%
I
90.5%
I
90.5%
I
90.5%
beautiful
89.9%
beautiful
89.9%
not
89.7%
strong
89.7%
you're
89.7%
you're
89.7%
too
89.6%
'cause
89.4%
'cause
89.4%
'cause
89.4%
Damn
89.2%
want
89%
come
88.7%
girl
88.4%
girl
88.4%
that
88.1%
I'll
88%
trying
87.9%
one
87.6%
body
87.5%
gentleman
87%
help
86.5%
off
86.2%
slowly
85.8%
who
85.7%
takes
84.5%
deny
84%
sheets
82.3%
this
81.3%
this
81.3%
very
81.1%
gone
81%
gone
81%
gone
81%
like
80.7%
like
80.7%
'til
80.6%
'til
80.6%
'til
80.6%
underneath
80.3%
these
79.9%
hold
79.8%
hold
79.8%
hold
79.8%
secrets
79.8%
night's
79.5%
nights
79.5%
nights
79.5%
don't
78.5%
room
78.1%
hotel
78%
discovering
77.8%
start
77.4%
really
76.6%
me
76.4%
vibe
76.2%
perfect
75.9%
we
75.8%
when
75.6%
are
75.5%
lips
75.4%
speak
75.1%
I'd
74.5%
talking
73.6%
against
72.1%
skin's
69%
leave
69%
much
69%
left
68.2%
never
67.8%
there's
67.8%
Quiz Playlist
Details
Report
Send in Message
Add To Playlist
Classic:
Type in answers that appear in a list
Last Updated: Aug 14, 2017
Quiz Scoreboard
CHALLENGE
Sign Up to Join the Scoreboard
Show All
Scores
Hide
Comments
May contain spoilers
Recently Published
Alphabetical 'K' Countries by Flag Minefield
by ylime102
Geography
3m
Pick 6: Fruits
by JohnFran
Miscellaneous
15s
Click the 1999 NBA Draft
by nibperrychub
Sports
2m
More to Explore
Quiz From the Vault
Featured Blog Post
15 Basketball Trivia Facts You Can Be March Mad About
hide this ad
You Might Also Like...
Tags
light
mende
Shawn
Today's Top Quizzes in Music
Browse Music
hide this ad
Today's Top Quizzes in light
Browse light
Top Contributed Quizzes in Music
1
Taylor Swift All Songs (2024)
2
Image Sorting: Rock Albums II
3
Image Sorting: Rock Albums III
4
Image Sorting: Rock Albums IV
5
Image Sorting: Rock Albums V
6
Taylor Swift Logic Puzzle
7
Image Sorting: Rock Albums VI
8
Adjectives in 80s Songs
9
Nickname Match: Musicians
10
Image Sorting: Album Titles
Explore More
Trending Topics
Anime
Disney
Crossword
NBA
Harry Potter
Marvel
Kpop
NFL
WWE
Soccer
Puzzle
Song
Country
The Office
Pokémon
hide this ad
More By:
tayhepp16
Quiz
Plays
Rating
Category
Featured
Created
Shawn Mendes - 'Lights On' Lyrics
1,846
5.00
Music
Dec 29, 2016
Shawn Mendes - 'Patience' Lyrics
942
4.00
Music
Dec 27, 2016
3000 miles lyrics emblem3
58
Music
Dec 20, 2015
Go to Creator's Profile
Score Distribution
Quiz Creator Spotlight
tayhepp16
Follow
Send a Message
Quizzes Created
-
Created Quiz Play Count
-
More By This Creator
Popular Quizzes Today
1
Match the Book to the Film X
2
DC Extended Universe: Oldest to Newest
3
Medical Shows by Picture
4
Keanu Reeves Movies
5
'Inside Out' Cast
6
Animal Sorting Blitz
7
Least Populous Country of World per Letter Minefield
8
McDonald's or Burger King?
More Music Quizzes
Clip Quiz Remix: Easy (50 Songs)
Curator's Pick
Trending Quizzes
First Name TV: Leading Men
Match the Book to the Film II
First Name TV: Leading Women Drama
Match the Book to the Film VI
Pick A Pair: Religious TV
Recently Updated
Women's Final Four Teams by Year
bhenderson79
Presidents Quartet II
eogle
Anything But Clue(do)
eogle
Anything But Oceanian Capitals
eogle
Anything But 7
eogle
Anything But Thing
eogle
Word Ladder: February 29
pecheneg
Song Title Questions
pecheneg
Women's NCAA Tournament #1 Seeds
pecheneg
Celebrity Mug Shots
pecheneg
Trending Topics
Crossword
Harry Potter
Anime
Marvel
Disney
Kpop
NBA
The Office
Country
Soccer
Pokémon
NFL
Song
Puzzle
WWE
Your Account Isn't Verified!
In order to create a playlist on Sporcle, you need to verify the email address you used during registration. Go to your
Sporcle Settings
to finish the process.
Report this User
Report this user for behavior that violates our
Community Guidelines
.
Details:
Send Report
Go to the Sporcle.com Mobile Site →
Comments